Europe-Asia Studies formerly Soviet studies

Na minha lista:
Detalhes bibliográficos
Formato: Periódico
Idioma:inglês
Publicado em: Abingdon Carfax 1995
Assuntos:
Tags: Adicionar Tag
Sem tags, seja o primeiro a adicionar uma tag!

MARC

LEADER 00000nas2a2200000 4500
001 s102251
005 20221221070216.3
022 |a 0966-8136 
041 0 |a eng 
044 |a GB 
245 1 0 |a Europe-Asia Studies  |b formerly Soviet studies 
264 1 |a Abingdon  |b Carfax  |c 1995 
300 |a 2 zv. 
773 0 |w eu_un_cat*s120164 
610 2 0 |a rozvoj hospodársky 
610 2 0 |a politika hospodárska